Hospodářská politika jako zdroj ekonomických pobídek pro kreativní průmysl v historii Československa /

Hlavní autor: Moravcová, Hana
Jazyk: Čeština
Vydáno: Praha : Nadace Nadání Josefa, Marie a Zdeňky Hlávkových, 2021
Edice: Studie (Národohospodářský ústav Josefa Hlávky)
Témata:
Fyzický popis: 94 stran : ilustrace ; 25 cm
Language note: České a anglické resumé
Knihy
Uloženo v:
LEADER 02360nam a2200601 i 4500
001 nkc20213326676
003 CZ PrNK
005 20240418141733.0
007 ta
008 210603s2021 xr a f 000 0 cze
015 |a cnb003326676 
020 |a 978-80-88018-38-4  |q (brožováno)  |z 978-80-83018-38-4 
035 |a (OCoLC)1267680088 
040 |a OLA001  |b cze  |e rda 
041 0 |a cze  |b cze  |b eng 
043 |a e-cs--- 
045 |a x1x4 
072 7 |a 338.3/.4  |x Hospodářská a výrobní odvětví  |2 Konspekt  |9 4 
080 |a 338.4:7.05  |2 MRF 
080 |a 347.78  |2 MRF 
080 |a 35.078.5  |2 MRF 
080 |a 338.2  |2 MRF 
080 |a (437)  |2 MRF 
080 |a (048.8)  |2 MRF 
100 1 |a Moravcová, Hana  |7 ola20211117962  |4 aut 
245 1 0 |a Hospodářská politika jako zdroj ekonomických pobídek pro kreativní průmysl v historii Československa /  |c Hana Moravcová 
264 1 |a Praha :  |b Nadace Nadání Josefa, Marie a Zdeňky Hlávkových,  |c 2021 
300 |a 94 stran :  |b ilustrace ;  |c 25 cm 
336 |a text  |b txt  |2 rdacontent 
337 |a bez média  |b n  |2 rdamedia 
338 |a svazek  |b nc  |2 rdacarrier 
490 1 |a Studie Národohospodářského ústavu Josefa Hlávky ;  |v 2/2021 
500 |a 200 výtisků 
504 |a Obsahuje bibliografii 
546 |a České a anglické resumé 
648 7 |a 1918-1945  |7 ch460650  |2 czenas 
650 0 7 |a kreativní průmysl  |7 ph517032  |z Československo  |y 1918-1945  |2 czenas 
650 0 7 |a autorské právo  |7 ph114109  |z Československo  |y 1918-1945  |2 czenas 
650 0 7 |a veřejná podpora  |7 ph123847  |z Československo  |y 1918-1945  |2 czenas 
650 0 7 |a hospodářská politika  |7 ph114701  |z Československo  |y 1918-1945  |2 czenas 
650 0 9 |a creative industries  |z Czechoslovakia  |y 1918-1945  |2 eczenas 
650 0 9 |a copyright  |z Czechoslovakia  |y 1918-1945  |2 eczenas 
650 0 9 |a state aid  |z Czechoslovakia  |y 1918-1945  |2 eczenas 
650 0 9 |a economic policy  |z Czechoslovakia  |y 1918-1945  |2 eczenas 
655 7 |a monografie  |7 fd132842  |2 czenas 
655 9 |a monographs  |2 eczenas 
830 0 |a Studie (Národohospodářský ústav Josefa Hlávky)  |0 s 
910 2 |a BOA001  |b 2-1471.209 
928 9 |a Národohospodářský ústav Josefa Hlávky 
990 |a BK 
995 |a 01 
991 |b 202108  |c NOV 
996 6 |b 2610874436  |c 2-1471.209  |l MZK  |r Sklad / do 1 hodiny  |n 0  |p p.v.  |w 001859575  |u 000010  |a 1  |e BOA001  |j MZK50  |s P